¡Dichosa catequesis! Tú incomodas a familias y parroquias.

Saved in:
Bibliografiske detaljer
Hovedforfatter: Routhier, Gilles (autor)
Format: Ukendt
Udgivet: Madrid, España: CCS, 2008.
Serier:Colección Maná
Fag:
Tags: Tilføj Tag
Ingen Tags, Vær først til at tagge denne postø!

MARC

LEADER 00000 a2200000 4500
003 CL-VaPUC
005 20221124172925.0
008 221017t2008 ||||| |||| 00| 0 eng d
999 |c 436427  |d 436425 
020 |a 978-84-9842-252-8 
040 |c Pontificia Universidad Católica de Valparaíso 
082 |2 22  |a 268.4 ROU 2008 
100 |a Routhier, Gilles   |9 871616  |e autor 
245 |a ¡Dichosa catequesis!  |b Tú incomodas a familias y parroquias. 
260 |a Madrid, España:  |b CCS,  |c 2008. 
300 |a 120 páginas. 
490 |a Colección Maná 
583 |k GC  |c 20221017 
650 0 |a Catequesis  |x Desafíos   |x Participación familiar   |9 314526 
650 0 |9 333878  |a Catecismo  |x Desafíos   |x Participación comunitaria  
650 0 |9 257361  |a Cristianismo  |x Formación   |x Parroquia  
942 |2 ddc  |c BK 
952 |0 0  |1 0  |2 ddc  |4 0  |6 268_400000000000000_ROU_2008  |7 0  |8 A  |9 587241  |a BIBTEO  |b BIBTEO  |c GEN  |d 2022-10-13  |e 3  |g 14121.00  |i 5655175  |o 268.4 ROU 2008  |p 5655175  |r 2025-01-17  |t 1  |v 14121.00  |w 2022-10-13  |y BK  |k ICR